000 00449nam a2200181Ia 4500
001 2032
005 20260306143812.0
008 260306t2011||||xx |||||||||||||| ||spa||
041 _aESP
082 _a611.0181
_bA34
100 _aAlarcón Luque, Jesús Wilfredo,
_eAUT
245 0 _aCitología :
_bestructura y función
260 _c2011
300 _avi, 272 páginas :
_c29 cm.
650 _aGEN
654 _aCCS
942 _cLIB
_dJUS
_fJUS
_2ddc
_n
999 _c2032
_d2032